| 000 | 00556cam a2200193 4500 | ||
|---|---|---|---|
| 008 | 000000n1999 000 0 eng u | ||
| 020 | _a0421647701 | ||
| 035 | _a(Sirsi) u104874 | ||
| 050 | _a346.41032 | ||
| 100 |
_aTettenborn, Andrew _xeditor |
||
| 245 | _aProfessional negligence & liability reports : key cases 1955-1995. | ||
| 260 |
_aLondon _bSweet & Maxwell _c1999 |
||
| 300 | _axlix,987p. ; 25cm. | ||
| 350 | _a89.00 | ||
| 650 | _aLAW CASES | ||
| 650 | _aPROFESSIONAL LIABILITY | ||
| 690 | _aPROFESSIONAL PRACTICE-NEGLIGENCE | ||
| 942 | _n0 | ||
| 999 |
_c100300 _d100300 |
||